<?xml version="1.0" encoding="UTF-8"?>
<record
    xmlns:xsi="http://www.w3.org/2001/XMLSchema-instance"
    xsi:schemaLocation="http://www.loc.gov/MARC21/slim http://www.loc.gov/standards/marcxml/schema/MARC21slim.xsd"
    xmlns="http://www.loc.gov/MARC21/slim">

  <leader>04634nam a2200649uu 4500</leader>
  <controlfield tag="001">1581308</controlfield>
  <controlfield tag="005">20260508094807.0</controlfield>
  <controlfield tag="007">cr|||||||</controlfield>
  <controlfield tag="008">230310s2022                        spa  </controlfield>
  <datafield tag="020" ind1=" " ind2=" ">
    <subfield code="a">9786287592285</subfield>
  </datafield>
  <datafield tag="035" ind1=" " ind2=" ">
    <subfield code="a">1581308</subfield>
  </datafield>
  <datafield tag="040" ind1=" " ind2=" ">
    <subfield code="c">comduadb</subfield>
  </datafield>
  <datafield tag="041" ind1=" " ind2=" ">
    <subfield code="a">spa</subfield>
  </datafield>
  <datafield tag="100" ind1="1" ind2="0">
    <subfield code="a">Puerta Silva, Claudia Patricia</subfield>
    <subfield code="4">com</subfield>
    <subfield code="e">com</subfield>
    <subfield code="9">801050</subfield>
  </datafield>
  <datafield tag="245" ind1="1" ind2="0">
    <subfield code="a">Metodolog&#xED;as para desarrollos situados : propuestas cr&#xED;ticas y comprometidas</subfield>
  </datafield>
  <datafield tag="260" ind1=" " ind2=" ">
    <subfield code="a">Medell&#xED;n :</subfield>
    <subfield code="b">Fondo Editorial FCSH, Facultad de Ciencias Sociales y Humanas de la Universidad de Antioquia,</subfield>
    <subfield code="c">2022.</subfield>
  </datafield>
  <datafield tag="300" ind1=" " ind2=" ">
    <subfield code="a">371 p&#xE1;ginas :</subfield>
    <subfield code="b">ilustraciones</subfield>
  </datafield>
  <datafield tag="336" ind1=" " ind2=" ">
    <subfield code="a">texto</subfield>
    <subfield code="b">txt</subfield>
    <subfield code="0">(uri)http://www.rdaregistry.info/termList/RDAContentType/#1020</subfield>
    <subfield code="2">rdacontent</subfield>
  </datafield>
  <datafield tag="490" ind1="0" ind2=" ">
    <subfield code="a">FCSH Investigaci&#xF3;n</subfield>
  </datafield>
  <datafield tag="520" ind1="3" ind2=" ">
    <subfield code="a">RESUMEN: El desarrollo como proyecto constituyente de la modernidad es un campo de estudio y de acci&#xF3;n gubernamental y social problem&#xE1;tico. Por un lado, las pol&#xED;ticas y programas de desarrollo en los pa&#xED;ses llamados del tercer mundo, del sudeste global, del norte excluido o de las periferias del capitalismo no han servido ni para la eliminaci&#xF3;n de las desigualdades, ni para el mejoramiento de la calidad de la vida de millones de personas y, menos, para la reducci&#xF3;n de la pobreza y el hambre. Especialmente, ciertos sectores de las sociedades del mundo &#x2013;mujeres, etnias y minor&#xED;as, infantes, j&#xF3;venes, entre otros&#x2013; permanecen rezagados en educaci&#xF3;n, salud, seguridad humana, y, en general, desprovistos de los medios para su autonom&#xED;a. Por otro lado, forma parte del proceso modernizador y colonial de Occidente, con las consecuentes derivaciones antropo, andro y capitaloc&#xE9;ntricas. Supone que las poblaciones a quienes se quiere &#x201C;desarrollar&#x201D; viven en carencia o inadecuadamente. Aunque se ha intentado despojar el concepto de su centralidad en la econom&#xED;a al incluir el ambiente y focalizarlo en el ser humano, sigue siendo una idea colonial, propia de la modernidad occidental (de origen europeo y afianzada por el posicionamiento global estadounidense), que busca dominar y homogeneizar a las poblaciones locales, imponi&#xE9;ndoles la econom&#xED;a mundial dominante, el capitalismo, y apropi&#xE1;ndose de sus recursos materiales, culturales y sociales. Este libro pretende exponer diferentes aportes a la configuraci&#xF3;n o comprensi&#xF3;n de otros desarrollos o contradesarrollos, que se logran mediante lo que Arturo Escobar est&#xE1; concibiendo como &#x201C;transiciones&#x201D;. Estas experiencias muestran c&#xF3;mo el desarrollo puede ser entendido de m&#xFA;ltiples maneras o tiene expresiones diversas, de acuerdo con su configuraci&#xF3;n sociocultural, localizaci&#xF3;n y situacionalidad (espacios-tiempos propios).</subfield>
  </datafield>
  <datafield tag="650" ind1=" " ind2=" ">
    <subfield code="a">Metodolog&#xED;a de la investigaci&#xF3;n - Proyectos sociales</subfield>
    <subfield code="9">180362</subfield>
  </datafield>
  <datafield tag="650" ind1=" " ind2="7">
    <subfield code="a">Investigaci&#xF3;n social</subfield>
    <subfield code="2">lemb</subfield>
    <subfield code="9">2355</subfield>
  </datafield>
  <datafield tag="650" ind1=" " ind2=" ">
    <subfield code="a">Antropolog&#xED;a y desarrollo</subfield>
    <subfield code="9">63721</subfield>
  </datafield>
  <datafield tag="650" ind1=" " ind2=" ">
    <subfield code="a">Etnograf&#xED;a</subfield>
    <subfield code="9">170733</subfield>
  </datafield>
  <datafield tag="650" ind1=" " ind2=" ">
    <subfield code="a">Cartograf&#xED;a social</subfield>
    <subfield code="9">66736</subfield>
  </datafield>
  <datafield tag="650" ind1=" " ind2=" ">
    <subfield code="a">Diagn&#xF3;stico ambiental</subfield>
    <subfield code="9">136172</subfield>
  </datafield>
  <datafield tag="650" ind1=" " ind2="0">
    <subfield code="a">Territorio</subfield>
    <subfield code="9">71013</subfield>
  </datafield>
  <datafield tag="650" ind1=" " ind2=" ">
    <subfield code="a">Identidad y territorio</subfield>
    <subfield code="9">99863</subfield>
  </datafield>
  <datafield tag="650" ind1=" " ind2=" ">
    <subfield code="a">Miner&#xED;a - Impacto ambiental</subfield>
    <subfield code="9">46734</subfield>
  </datafield>
  <datafield tag="650" ind1=" " ind2=" ">
    <subfield code="a">Miner&#xED;a y medio ambiente</subfield>
    <subfield code="9">214289</subfield>
  </datafield>
  <datafield tag="650" ind1=" " ind2=" ">
    <subfield code="a">Miner&#xED;a - Aspectos ambientales</subfield>
    <subfield code="9">206167</subfield>
  </datafield>
  <datafield tag="650" ind1=" " ind2="7">
    <subfield code="a">Investigaci&#xF3;n cient&#xED;fica</subfield>
    <subfield code="x">Metodolog&#xED;a</subfield>
    <subfield code="2">armarc</subfield>
    <subfield code="9">164214</subfield>
  </datafield>
  <datafield tag="700" ind1="1" ind2="0">
    <subfield code="a">Arce, Alberto</subfield>
    <subfield code="4">aut</subfield>
    <subfield code="e">aut</subfield>
    <subfield code="9">331738</subfield>
  </datafield>
  <datafield tag="700" ind1="1" ind2="0">
    <subfield code="a">Berno de Almeida, Alfredo Wagner</subfield>
    <subfield code="4">aut</subfield>
    <subfield code="e">aut</subfield>
    <subfield code="9">639192</subfield>
  </datafield>
  <datafield tag="700" ind1="1" ind2="0">
    <subfield code="a">P&#xE9;rez Pi&#xF1;&#xE1;n, Astrid</subfield>
    <subfield code="4">aut</subfield>
    <subfield code="e">aut</subfield>
    <subfield code="9">805187</subfield>
  </datafield>
  <datafield tag="700" ind1="1" ind2="0">
    <subfield code="a">Dueholm Rasch, Elisabeth</subfield>
    <subfield code="4">aut</subfield>
    <subfield code="e">aut</subfield>
    <subfield code="9">764649</subfield>
  </datafield>
  <datafield tag="700" ind1="1" ind2="0">
    <subfield code="a">Char&#xE3;o-Marques, Fl&#xE1;via</subfield>
    <subfield code="4">aut</subfield>
    <subfield code="e">aut</subfield>
    <subfield code="9">805188</subfield>
  </datafield>
  <datafield tag="700" ind1="1" ind2="0">
    <subfield code="a">Blot, Fr&#xE9;d&#xE9;rique</subfield>
    <subfield code="4">aut</subfield>
    <subfield code="e">aut</subfield>
    <subfield code="9">823215</subfield>
  </datafield>
  <datafield tag="700" ind1="1" ind2="0">
    <subfield code="a">Friedland, Hadley</subfield>
    <subfield code="4">aut</subfield>
    <subfield code="e">aut</subfield>
    <subfield code="9">823216</subfield>
  </datafield>
  <datafield tag="700" ind1="1" ind2="0">
    <subfield code="a">D&#xED;az Carrillo, Helga In&#xE9;s</subfield>
    <subfield code="4">aut</subfield>
    <subfield code="e">aut</subfield>
    <subfield code="9">443795</subfield>
  </datafield>
  <datafield tag="700" ind1="1" ind2="0">
    <subfield code="a">Correa, Hern&#xE1;n Dar&#xED;o,</subfield>
    <subfield code="d">1951-</subfield>
    <subfield code="4">aut</subfield>
    <subfield code="0">(isni)0000000001666972</subfield>
    <subfield code="0">(viaf)19782515</subfield>
    <subfield code="e">aut</subfield>
    <subfield code="9">855613</subfield>
  </datafield>
  <datafield tag="700" ind1="1" ind2="0">
    <subfield code="a">Mack, Johnny</subfield>
    <subfield code="4">aut</subfield>
    <subfield code="e">aut</subfield>
    <subfield code="9">823219</subfield>
  </datafield>
  <datafield tag="700" ind1="1" ind2="0">
    <subfield code="a">Sayers, Judith</subfield>
    <subfield code="4">aut</subfield>
    <subfield code="e">aut</subfield>
    <subfield code="9">823220</subfield>
  </datafield>
  <datafield tag="700" ind1="1" ind2="0">
    <subfield code="a">Montoya Casta&#xF1;eda, Katerine</subfield>
    <subfield code="4">aut</subfield>
    <subfield code="e">aut</subfield>
    <subfield code="9">666211</subfield>
  </datafield>
  <datafield tag="700" ind1="1" ind2="0">
    <subfield code="a">Jenkins, Katy</subfield>
    <subfield code="4">aut</subfield>
    <subfield code="e">aut</subfield>
    <subfield code="9">805190</subfield>
  </datafield>
  <datafield tag="700" ind1="1" ind2="0">
    <subfield code="a">Magzul, Lorenzo</subfield>
    <subfield code="4">aut</subfield>
    <subfield code="e">aut</subfield>
    <subfield code="9">823217</subfield>
  </datafield>
  <datafield tag="700" ind1="1" ind2="0">
    <subfield code="a">Ochoa Sierra, Mar&#xED;a</subfield>
    <subfield code="4">aut</subfield>
    <subfield code="e">aut</subfield>
    <subfield code="9">426149</subfield>
  </datafield>
  <datafield tag="700" ind1="1" ind2="0">
    <subfield code="a">Walter, Mariana</subfield>
    <subfield code="4">aut</subfield>
    <subfield code="e">aut</subfield>
    <subfield code="9">805191</subfield>
  </datafield>
  <datafield tag="700" ind1="1" ind2="0">
    <subfield code="a">Murphy, Matthew</subfield>
    <subfield code="4">aut</subfield>
    <subfield code="e">aut</subfield>
    <subfield code="9">807782</subfield>
  </datafield>
  <datafield tag="700" ind1="1" ind2="0">
    <subfield code="a">Mindiola, Omaira</subfield>
    <subfield code="4">aut</subfield>
    <subfield code="e">aut</subfield>
    <subfield code="9">807783</subfield>
  </datafield>
  <datafield tag="700" ind1="1" ind2="0">
    <subfield code="a">Dover Van Horn, Robert VH</subfield>
    <subfield code="4">aut</subfield>
    <subfield code="e">aut</subfield>
    <subfield code="9">551036</subfield>
  </datafield>
  <datafield tag="700" ind1="1" ind2="0">
    <subfield code="a">Acevedo Mar&#xED;n, Rosa Elizabeth</subfield>
    <subfield code="4">aut</subfield>
    <subfield code="e">aut</subfield>
    <subfield code="9">773363</subfield>
  </datafield>
  <datafield tag="700" ind1="1" ind2="0">
    <subfield code="a">Latorre, Sara</subfield>
    <subfield code="4">aut</subfield>
    <subfield code="e">aut</subfield>
    <subfield code="9">807785</subfield>
  </datafield>
  <datafield tag="856" ind1="4" ind2=" ">
    <subfield code="u">http://bibliotecadigital.udea.edu.co/handle/10495/32225</subfield>
  </datafield>
  <datafield tag="856" ind1="4" ind2=" ">
    <subfield code="u">https://youtu.be/E7z3p_hZjuE</subfield>
  </datafield>
  <datafield tag="942" ind1=" " ind2=" ">
    <subfield code="c">BOOK</subfield>
  </datafield>
  <datafield tag="999" ind1=" " ind2=" ">
    <subfield code="c">846801</subfield>
    <subfield code="d">846801</subfield>
  </datafield>
  <datafield tag="952" ind1=" " ind2=" ">
    <subfield code="0">0</subfield>
    <subfield code="1">0</subfield>
    <subfield code="4">0</subfield>
    <subfield code="7">0</subfield>
    <subfield code="8">GICISH</subfield>
    <subfield code="a">CISH</subfield>
    <subfield code="b">CISH</subfield>
    <subfield code="d">2023-03-13</subfield>
    <subfield code="i">C13339142</subfield>
    <subfield code="l">0</subfield>
    <subfield code="o">E/GI-14972</subfield>
    <subfield code="r">2023-05-05 00:00:00</subfield>
    <subfield code="t">1</subfield>
    <subfield code="w">2023-05-05</subfield>
    <subfield code="y">INTER</subfield>
  </datafield>
</record>
